<?xml version="1.0" encoding="UTF-8"?>
<collection xmlns="http://www.loc.gov/MARC21/slim">
 <record>
  <leader>00479nam a22001575a 4500</leader>
  <controlfield tag="001">EUN.um018708</controlfield>
  <controlfield tag="003">AR-BaUNS</controlfield>
  <controlfield tag="005">20050623122859.0</controlfield>
  <controlfield tag="008">041125s1963####xx#a##########000#0#ger#d</controlfield>
  <datafield tag="245" ind1="1" ind2="0">
   <subfield code="a">Vitamin-Bestimmungen :</subfield>
   <subfield code="b">Erprobte Methoden. /</subfield>
   <subfield code="c">Rolf Strohecker.</subfield>
  </datafield>
  <datafield tag="260" ind1=" " ind2=" ">
   <subfield code="a">Weinheim :</subfield>
   <subfield code="b">Verlag Chemie,</subfield>
   <subfield code="c">1963.</subfield>
  </datafield>
  <datafield tag="300" ind1=" " ind2=" ">
   <subfield code="a">365 p. :</subfield>
   <subfield code="b">ilus. ;</subfield>
   <subfield code="c">24 cm.</subfield>
  </datafield>
  <datafield tag="100" ind1="1" ind2=" ">
   <subfield code="a">Strohecker, Rolf.</subfield>
  </datafield>
  <datafield tag="082" ind1="0" ind2="4">
   <subfield code="a">547.96</subfield>
  </datafield>
  <datafield tag="082" ind1="0" ind2="4">
   <subfield code="a">543.4</subfield>
  </datafield>
  <datafield tag="859" ind1=" " ind2=" ">
   <subfield code="a">Ar-BaUNS</subfield>
   <subfield code="b">BIB. CENTRAL - Sector C</subfield>
   <subfield code="h">547.96</subfield>
   <subfield code="i">St87</subfield>
   <subfield code="p">47357/968</subfield>
  </datafield>
 </record>
</collection>
